Get the Picture: Which Movie Joker Said It? Quiz Stats

 Plays Quiz Updated Oct 4, 2019

Score 0/20 Timer 04:00
1 Play Today
Question Answer Wrong Answers
Why so serious? Heath Ledger
81.8%
Jack Nicholson
5.7%
Lego Batman
1.2%
Jared Leto
1.1%
Hey Batman! I'm rubbing my butt all over your stuff! Gonna have to rename this the 'Buttmobile' Lego Batman
79.5%
Jack Nicholson
5.2%
Heath Ledger
2.5%
Jared Leto
2.7%
He's evil, he's magic, and it's about to get tragic. It's Voldemort! Lego Batman
73.6%
Jack Nicholson
3.9%
Heath Ledger
3.3%
Jared Leto
8.9%
Hold on a sec. Are you trying to tell me that Bruce Wayne is Batman…’s roommate? Lego Batman
72.2%
Jack Nicholson
8.2%
Heath Ledger
4.6%
Jared Leto
4.5%
Have you ever danced with the devil in the pale moonlight? Jack Nicholson
71.7%
Heath Ledger
11.1%
Lego Batman
1.6%
Jared Leto
5.7%
Superman's not a bad guy! Lego Batman
67.7%
Jack Nicholson
7.7%
Heath Ledger
4.1%
Jared Leto
10.1%
Let’s put a smile on that face! Heath Ledger
64.7%
Jack Nicholson
18.2%
Lego Batman
2.6%
Jared Leto
4.4%
I believe…whatever doesn’t kill you simply makes you…stranger. Heath Ledger
63.8%
Jack Nicholson
11.4%
Lego Batman
3.3%
Jared Leto
11.6%
Madness, as you know, is a lot like gravity. All it takes is a little push. Heath Ledger
61%
Jack Nicholson
11.9%
Lego Batman
2.2%
Jared Leto
14%
As my plastic surgeon always says; if you gotta go, go with a smile. Jack Nicholson
60.2%
Heath Ledger
15.6%
Lego Batman
4.7%
Jared Leto
9%
Wait till they get a load of me. Jack Nicholson
56.9%
Heath Ledger
15.3%
Lego Batman
6.2%
Jared Leto
11.4%
Ya see I’m not a monster, I was just ahead of the curve. Heath Ledger
56.7%
Jack Nicholson
15.2%
Lego Batman
3.6%
Jared Leto
14%
That's too easy. Would you live for me? Jared Leto
54%
Jack Nicholson
13.5%
Heath Ledger
14.4%
Lego Batman
7.9%
I have given a name to my pain, and it is Batman. Jack Nicholson
51.4%
Heath Ledger
15.2%
Lego Batman
9.4%
Jared Leto
13.4%
This town needs an enema! Jack Nicholson
49.1%
Heath Ledger
14.9%
Lego Batman
11.3%
Jared Leto
14.5%
What? Oh, I'm not gonna kill ya. I'm just gonna hurt ya... really, really bad. Jared Leto
43.6%
Jack Nicholson
15.2%
Heath Ledger
26%
Lego Batman
5.7%
Ah, if you weren't so crazy, I'd think you were insane. Go... away. Jared Leto
40%
Jack Nicholson
19.4%
Heath Ledger
16.9%
Lego Batman
14%
Are you seriously saying there is nothing, nothing special about our relationship? Lego Batman
37.3%
Jack Nicholson
14.4%
Heath Ledger
15.6%
Jared Leto
22.5%
Oh, you know I'd do anything for you. By the way, I've got some grape soda on ice and a bear skin rug waiting. Jared Leto
32.3%
Jack Nicholson
16.9%
Heath Ledger
5.3%
Lego Batman
35.7%
I can't wait to show you my toys. Jared Leto
31.8%
Jack Nicholson
25.3%
Heath Ledger
10.8%
Lego Batman
21.3%

Today's Daily Dose

Missing Word
Banned Books (A-Z)

Word Ladder
Janis Joplin

Get the Picture
Occupations

You're not logged in!

Compare scores with friends on all Sporcle quizzes.
OR
Log In

Sporcle TV

Today on Sporcle TV


Watch our educational content, quiz creation guides, and fun videos on Sporcle TV.

Show Comments

Extras

Top Quizzes Today


Score Distribution

Your Account Isn't Verified!

In order to create a playlist on Sporcle, you need to verify the email address you used during registration. Go to your Sporcle Settings to finish the process.

Report this User

Report this user for behavior that violates our Community Guidelines.

Details: